00592nam a2200157 a 450000100100000000500170001000800410002704000250006810000420009324500740013526000460020930000290025550400280028495201050031299900170041700003899020201002031441.0130510d1992 dr a 000 0 spa d aDO-SdBNPbspacBNPHU1 aGiráldez Casasnovas, Antonio96523710aManual de cirugía dermatológica /cAntonio Giráldez Casasnovas. aSanto Domingo :bCentro Editorial,c1992. a168 p. :bils. ;c22 cm. aBibliografía : p. 168 0010718PDaPDbPDcCTd2013-05-10iLF1l0o p38990-10r2020-06-25w2020-06-25yLFPDZNo se presta c38480d38480